School finance and school business management: (Record no. 22293)

MARC details
000 -LEADER
fixed length control field 01330cam a22002891 4500
001 - CONTROL NUMBER
control field e 58000023
003 - CONTROL NUMBER IDENTIFIER
control field DLC
005 - DATE AND TIME OF LATEST TRANSACTION
control field 20260227111236.0
008 - FIXED-LENGTH DATA ELEMENTS--GENERAL INFORMATION
fixed length control field 750917s1958 xx 000 0 eng
010 ## - LIBRARY OF CONGRESS CONTROL NUMBER
LC control number e 58000023
035 ## - SYSTEM CONTROL NUMBER
System control number (OCoLC)1631525
040 ## - CATALOGING SOURCE
Original cataloging agency DLC
Transcribing agency NAlU
Modifying agency DLC
042 ## - AUTHENTICATION CODE
Authentication code premarc
050 00 - LIBRARY OF CONGRESS CALL NUMBER
Classification number L111
Item number .A614 no. 29
051 ## - LIBRARY OF CONGRESS COPY, ISSUE, OFFPRINT STATEMENT
Classification number LB2825
Item number .H837
082 ## - DEWEY DECIMAL CLASSIFICATION NUMBER
Classification number 379.110973
100 1# - MAIN ENTRY--PERSONAL NAME
Personal name Hutchins, Clayton Darius,
Dates associated with a name 1900-
245 10 - TITLE STATEMENT
Title School finance and school business management:
Remainder of title responsibilities and services of state departments of education
Statement of responsibility, etc. [by] Clayton D. Hutchins, Albert R. Munse [and] Edna D. Booher.
260 ## - PUBLICATION, DISTRIBUTION, ETC.
Place of publication, distribution, etc. [Washington]
Name of publisher, distributor, etc. U.S. Dept. of Health, Education, and Welfare, Office of Education
Date of publication, distribution, etc. [1958]
300 ## - PHYSICAL DESCRIPTION
Extent v, 78 p.
Other physical details tables.
Dimensions 29 cm.
410 10 - SERIES STATEMENT/ADDED ENTRY--CORPORATE NAME [OBSOLETE, CAN/MARC], [LOCAL, USA]
Corporate name or jurisdiction name as entry element United States.
Subordinate unit Office of Education.
Title of a work Miscellaneous,
Volume number/sequential designation no. 29.
500 ## - GENERAL NOTE
General note "[Prepared] in cooperation with the Study Commission of the Council of Chief State School Officers."
501 ## - WITH NOTE
With note L111.A614 with: Pupil transportation / Glenn E. Featherston. Washington : U.S. Dept. of Health, Education, and Welfare, Office of Education, 1956. Bound together subsequent to publication.
Institution to which field applies DLC
650 #0 - SUBJECT ADDED ENTRY--TOPICAL TERM
Topical term or geographic name entry element Education
Geographic subdivision United States
General subdivision Finance.
650 #0 - SUBJECT ADDED ENTRY--TOPICAL TERM
Topical term or geographic name entry element State departments of education.
650 #0 - SUBJECT ADDED ENTRY--TOPICAL TERM
Topical term or geographic name entry element Public schools
General subdivision Business management.

No items available.

Powered by Koha